000 00435nmm a2200145Ia 4500
008 251105s9999||||xx |||||||||||||||||und||
041 _aspa
100 _aEley Grey
245 0 _aTodas están locas
264 _a[Madrid, España] :
_bEditorial La Calle,
_c[Fecha de publicación no identificada]
300 _a186 páginas
650 _aSpanish narrative
856 _uhttps://public.digitaliapublishing.com/a/85084
942 _cCF
999 _c103581
_d103581